000 00329 a2200109 4500
001 ART_41681
005 20260410161647.0
008 260409a
245 1 0 _aFacultades de interpretación de la AFIP
100 1 _aCaranta, Martín R.
773 0 _tConsultor tributario
_g- Año 11, Nº 122 (abr. 2017)
_wREV474
999 _c13875
_d13875